Europar Buranji (Record no. 5079)

MARC details
000 -LEADER
fixed length control field 00435cam a2200181ua 4500
001 - CONTROL NUMBER
control field 5930
005 - DATE AND TIME OF LATEST TRANSACTION
control field 20260515113945.0
008 - FIXED-LENGTH DATA ELEMENTS--GENERAL INFORMATION
fixed length control field 131029n ii |||gr||||Z||||||asm
040 ## - CATALOGING SOURCE
Transcribing agency MAIN
082 ## - DEWEY DECIMAL CLASSIFICATION NUMBER
Classification number 940
245 ## - TITLE STATEMENT
Title Europar Buranji
Statement of responsibility, etc. By Ghanakanta Nath
260 ## - PUBLICATION, DISTRIBUTION, ETC.
Place of publication, distribution, etc. Guwahati:
Name of publisher, distributor, etc. Students Stores,
Date of publication, distribution, etc. 1992.
300 ## - PHYSICAL DESCRIPTION
Extent x,270p.
653 ## - INDEX TERM--UNCONTROLLED
Uncontrolled term History
653 ## - INDEX TERM--UNCONTROLLED
Uncontrolled term Europar Buranji
700 ## - ADDED ENTRY--PERSONAL NAME
Personal name Nath,Ghanakanta,
Relator term Author.
942 ## - ADDED ENTRY ELEMENTS (KOHA)
Koha item type Books
Holdings
Withdrawn status Lost status Damaged status Not for loan Home library Current library Shelving location Date acquired Total checkouts Full call number Barcode Date last seen Copy number Price effective from Koha item type Date last checked out
        Naharkatiya College Library Naharkatiya College Library General stacks 09/19/2020   940 | NAT 3587 09/19/2020 3 09/19/2020 Books  
        Naharkatiya College Library Naharkatiya College Library General stacks 09/19/2020 2 940 | NAT 3588 02/02/2023 4 09/19/2020 Books 01/18/2023
        Naharkatiya College Library Naharkatiya College Library General stacks 09/19/2020   940 | NAT 3589 09/19/2020 2 09/19/2020 Books  
        Naharkatiya College Library Naharkatiya College Library General stacks 09/19/2020   940 | NAT 3590 09/19/2020 7 09/19/2020 Books  
        Naharkatiya College Library Naharkatiya College Library General stacks 09/19/2020   940 | NAT 3591 09/19/2020 5 09/19/2020 Books  
        Naharkatiya College Library Naharkatiya College Library General stacks 09/19/2020   940 | NAT 3592 09/19/2020 1 09/19/2020 Books  
        Naharkatiya College Library Naharkatiya College Library General stacks 09/19/2020   940 | NAT 3593 09/19/2020 6 09/19/2020 Books